Advanced inorganic chemistry (Record no. 2836)

000 -LEADER
fixed length control field 00571nam a2200241u 4500
001 - CONTROL NUMBER
control field 2836
003 - CONTROL NUMBER IDENTIFIER
control field BD-DhUET
008 - FIXED-LENGTH DATA ELEMENTS--GENERAL INFORMATION
fixed length control field 890901s1965 ii 000 0 eng
020 ## - INTERNATIONAL STANDARD BOOK NUMBER
International Standard Book Number 8121902630
040 ## - CATALOGING SOURCE
Original cataloging agency DLC
Transcribing agency DLC
Modifying agency BD-DhUET
082 ## - DEWEY DECIMAL CLASSIFICATION NUMBER
Classification number 546
Item number PRA/2000
100 ## - MAIN ENTRY--PERSONAL NAME
Personal name Prakash, Satya
245 00 - TITLE STATEMENT
Title Advanced inorganic chemistry
250 ## - EDITION STATEMENT
Edition statement 1st ed.
260 ## - PUBLICATION, DISTRIBUTION, ETC. (IMPRINT)
Place of publication, distribution, etc. New York
Name of publisher, distributor, etc. S. Chand
Date of publication, distribution, etc. 2000
300 ## - PHYSICAL DESCRIPTION
Extent xvi, 1157p.
Other physical details ill.
500 ## - GENERAL NOTE
General note Vol. I
650 #0 - SUBJECT ADDED ENTRY--TOPICAL TERM
Topical term or geographic name as entry element Chemistry
700 ## - ADDED ENTRY--PERSONAL NAME
Personal name Tuli, G. D.
700 ## - ADDED ENTRY--PERSONAL NAME
Personal name Basu, S. K.
700 ## - ADDED ENTRY--PERSONAL NAME
Personal name Madan, R. D.
942 ## - ADDED ENTRY ELEMENTS (KOHA)
Koha item type General Book
Holdings
Koha date last seen Lost status Koha issues (times borrowed) Location (home branch) Shelving location Price effective from Koha item type Piece designation (barcode) Koha date last borrowed Copy number Koha full call number Source of classification or shelving scheme Koha renewals Koha normalized classification for sorting Not for loan Damaged status Sublocation or collection (holding branch) Withdrawn status Date acquired
2024-05-26 5Central Library, BUETCirculation section2014-10-12General Book964352024-04-271546/PRA/2000 2546_000000000000000_PRA_2000  Central Library, BUET 2014-10-12
2020-02-24 12Central Library, BUETCirculation section2014-11-09General Book964332020-02-232546/PRA/2000 1546PRA2000  Central Library, BUET 2014-11-09
2015-06-16  Central Library, BUETReading section2015-06-16Reading Item96431 3546/PRA/2000  546_000000000000000_PRA_2000  Central Library, BUET 2015-06-16
2019-09-01 6Central Library, BUETCirculation section2015-12-28General Book964342019-08-244546/PRA/2000  546_000000000000000_PRA_2000  Central Library, BUET 2015-12-28